Cambridge Colleges - Statistics

General Stats
  • This quiz has been taken 154 times
  • The average score is 12 of 21
Answer Stats
Hint Answer % Correct
Furtherst college from central Cambridge Girton
90%
College with the largest financial assets Trinity
89%
Takes its name from the first name of the christian Messiah Jesus
88%
Oldest college founded in 1284 Peterhouse
85%
Opened before a larger college with a simular name Trinity Hall
80%
Oldest college named after a male saint St Johns
78%
Originally built to exclusively teach student from Eton Kings
68%
Known for its STEM focus. At least 70% of students study STEM courses each year. Churchill
67%
Closest to spoons Emmanuel
65%
Home of Cellers bar Clare
64%
Geographically closest college to the stem campus with the same name Downing
56%
First graduate only college Darwin
53%
The last college to accept women Magdalene
53%
Oldest college named after a female sait St Catherines
52%
Only college to have admited over 90% of students from state schools Lucy Cavendish
41%
Home to the largest population of 1400 students. More than any other college Homerton
40%
College famous for its weekly BOPs Robinson
38%
Cambridge univeristy not associated with the Uni of Cambridge. Famed for its prowess in health courses such as: nursing, midwifery and physiotherapy Anglia Ruskin Univeristy
33%
First to have it's own chapel Pembroke
23%
Founded to educate catholic students at a time when british catholics faced discrimination in britain. Was the first to accept catholic students in 200 years. St Edmunds
13%
Originally known as Cambridge Training College for Women. Whilst working under this name it provided only teacher training courses for femal students. Hughes Hall
9%
No matching quizzes found
Score Distribution
Percent of People with Each Score
Percentile by Number Answered
Your Score History
You have not taken this quiz